000 00812nam a2200265 i 4500
001 000044100
003 DO-SdBNP
005 20251118125333.0
007 ta
008 140515s2014 dr 000 f spa d
020 _a9789945583892
040 _aDO-SdBNP
_bspa
_cBNPHU
_erda
041 _aspa
082 4 _axxx
_bxxx
_222
100 1 _aRamírez, Luis,
_eautor
_4aut.
_972089
245 1 3 _aLa última página del diario de Alondra /
_cLuis Ramírez.
264 4 _aSanto Domingo :
_bEditorial Santuario,
_c2014.
300 _a216 páginas ;
_c23 cm.
336 _atexto
_btxt
_2rdacontent
337 _asin mediación
_bn
_2rdamedia
338 _avolumen
_bnc
_2rdacarrier
500 _aIncluye datos biografícos del autor en la solapa de la cubierta.
590 _aInventariado, 2025/BT
942 _2ddc
_cLBS1
999 _c43589
_d43589